02563nam a2200289 a 450000100100000000500170001000800410002704000250006808200180009310000410011124501360015226000420028830000210033050400600035150400320041150512410044365000350168465100420171965100660176165100880182770000570191591000370197204900090200995201160201895201220213499900170225600002197920240229161930.0100915s1979 dr 001 0 spa d aDO-SdBNPbspacBNPHU a972.93bB562o1 aBetances de Pujadas, Estrella94556410aOrigen y proyecciones del protectoralismo dominicano /cEstrella Betances de Pujadas ; palabras previas de Carlos Federico Pérez. aSanto Domingo :bAlfa y Omega,c1979. a179 p. ;c23 cm. aIncluye bibliografía y notas al final de capítulos. aBibliografía: p. 173-175.0 gPalabras previas /rCarlos Federico Pérez --gIntroducción --tNociones geográficas de la Isla de Santo Domingo y principales razones que despertaron el interés de otras naciones hacia ella --tFormación de la colonia española de la Isla de Santo Domingo --tDecadencia de La Española --tFormación de la parte francesa de la Isla de Santo Domingo --tContradicción entre las partes española y francesa de la Isla de Santo Domingo --tJustificados temores de la parte española de la isla debido a las trágicas experiencias vividas por esta comunidad --tLa búsqueda de la protección:tToussaint Louverture -expedición de Leclerc --tJuan Sánchez Ramírez -período de la reconquista --tNúñez de Cáceres --tNuevos intentos en favor de España --tPlan Levasseur y otros intentos protectoralistas anteriores a la proclamación de la 1ra República --tOtros proyectos protectoralistas de menor importancia --t1844 -Período de la 1ra República --t1863 -Período de la anexión y de la Guerra de Restauración --tLa Segunda República --tGobierno de Ramón Cáceres --tOcupación militar norteamericana --tPeríodo de la Tercera República --gConclusiones --gBibliografía. 4aProtectoradosxHistoria945565 4aRepública DominicanaxHistoria9170 4aRepública DominicanaxPolítica Y GobiernoxHistoria91212 4aIsla Hispaniola (Haití Y República Dominicana{Rpara}xColoniasxHistoria9455661 aPérez, Carlos Federico,d1912-1984epról.924849 aValidado. Control de calidad EMS aBNPD 0010718PDaPDbPDcHDd2010-09-15iLF1l0o972.93 B562op21979-10r2020-06-25w2020-06-25yLFPDZNo se presta 0010718PDaPDbPDcHDd2010-09-20iLF1l0o972.93 B562op21979-20r2020-06-25te. 2w2020-06-25yLFPDZNo se presta c21477d21477